00433 2200169 4500001002100000008004100021035002000062245004400082100001500126250000600141260005600147300001200203084001400215082000800229650001400237990001200251INLIS000000000001279 ind  a0010-0524000514 aApa Yang Berkesan Hari ini ?cDiday Tea aTea, Diday a1 aJakarta :bPT. Elex Media Komputindo Gramediac2014 a207 hlm a000 DID a a000 aNon Fiksi a0744151